<?xml version="1.0" encoding="UTF-8"?>
<collection xmlns="http://www.loc.gov/MARC21/slim">
 <record>
  <leader>02009nam a22002897a 4500</leader>
  <controlfield tag="001">NCT_23471</controlfield>
  <controlfield tag="008">171202b        xxu||||| |||| 00| 0 vie d</controlfield>
  <datafield tag="999" ind1=" " ind2=" ">
   <subfield code="c">1112</subfield>
   <subfield code="d">1112</subfield>
  </datafield>
  <datafield tag="020" ind1=" " ind2=" ">
   <subfield code="c">29000</subfield>
  </datafield>
  <datafield tag="082" ind1="0" ind2="4">
   <subfield code="2">23rd ed.</subfield>
   <subfield code="a">519.576</subfield>
   <subfield code="b">G116</subfield>
  </datafield>
  <datafield tag="100" ind1="1" ind2=" ">
   <subfield code="a">Đinh Văn Đắng</subfield>
  </datafield>
  <datafield tag="245" ind1="1" ind2="0">
   <subfield code="a">Bài tập xác suất và thống kê</subfield>
  </datafield>
  <datafield tag="250" ind1=" " ind2=" ">
   <subfield code="a">Tái bản lần thứ 9</subfield>
  </datafield>
  <datafield tag="260" ind1=" " ind2=" ">
   <subfield code="a">H.</subfield>
   <subfield code="b">Giáo dục</subfield>
   <subfield code="c">2011</subfield>
  </datafield>
  <datafield tag="300" ind1=" " ind2=" ">
   <subfield code="a">255 tr.</subfield>
   <subfield code="c">20cm</subfield>
  </datafield>
  <datafield tag="653" ind1=" " ind2=" ">
   <subfield code="a">Khoa học cơ bản</subfield>
  </datafield>
  <datafield tag="942" ind1=" " ind2=" ">
   <subfield code="2">ddc</subfield>
   <subfield code="c">BK</subfield>
  </datafield>
  <datafield tag="952" ind1=" " ind2=" ">
   <subfield code="0">0</subfield>
   <subfield code="1">0</subfield>
   <subfield code="2">ddc</subfield>
   <subfield code="4">0</subfield>
   <subfield code="6">519_576000000000000_G116</subfield>
   <subfield code="7">0</subfield>
   <subfield code="9">5193</subfield>
   <subfield code="a">000001</subfield>
   <subfield code="b">000001</subfield>
   <subfield code="d">2017-12-02</subfield>
   <subfield code="o">519.576 G116</subfield>
   <subfield code="p">MD.03864</subfield>
   <subfield code="r">2017-12-02</subfield>
   <subfield code="v">29000.00</subfield>
   <subfield code="w">2017-12-02</subfield>
   <subfield code="y">BK</subfield>
  </datafield>
  <datafield tag="952" ind1=" " ind2=" ">
   <subfield code="0">0</subfield>
   <subfield code="1">0</subfield>
   <subfield code="2">ddc</subfield>
   <subfield code="4">0</subfield>
   <subfield code="6">519_576000000000000_G116</subfield>
   <subfield code="7">0</subfield>
   <subfield code="9">5194</subfield>
   <subfield code="a">000001</subfield>
   <subfield code="b">000001</subfield>
   <subfield code="d">2017-12-02</subfield>
   <subfield code="o">519.576 G116</subfield>
   <subfield code="p">MD.03865</subfield>
   <subfield code="r">2017-12-02</subfield>
   <subfield code="v">29000.00</subfield>
   <subfield code="w">2017-12-02</subfield>
   <subfield code="y">BK</subfield>
  </datafield>
  <datafield tag="952" ind1=" " ind2=" ">
   <subfield code="0">0</subfield>
   <subfield code="1">0</subfield>
   <subfield code="2">ddc</subfield>
   <subfield code="4">0</subfield>
   <subfield code="6">519_576000000000000_G116</subfield>
   <subfield code="7">0</subfield>
   <subfield code="9">5195</subfield>
   <subfield code="a">000001</subfield>
   <subfield code="b">000001</subfield>
   <subfield code="d">2017-12-02</subfield>
   <subfield code="o">519.576 G116</subfield>
   <subfield code="p">MD.03866</subfield>
   <subfield code="r">2017-12-02</subfield>
   <subfield code="v">29000.00</subfield>
   <subfield code="w">2017-12-02</subfield>
   <subfield code="y">BK</subfield>
  </datafield>
  <datafield tag="952" ind1=" " ind2=" ">
   <subfield code="0">0</subfield>
   <subfield code="1">0</subfield>
   <subfield code="2">ddc</subfield>
   <subfield code="4">0</subfield>
   <subfield code="6">519_576000000000000_G116</subfield>
   <subfield code="7">0</subfield>
   <subfield code="9">5196</subfield>
   <subfield code="a">000001</subfield>
   <subfield code="b">000001</subfield>
   <subfield code="d">2017-12-02</subfield>
   <subfield code="l">1</subfield>
   <subfield code="o">519.576 G116</subfield>
   <subfield code="p">MD.03867</subfield>
   <subfield code="r">2020-06-11</subfield>
   <subfield code="s">2020-05-28</subfield>
   <subfield code="v">29000.00</subfield>
   <subfield code="w">2017-12-02</subfield>
   <subfield code="y">BK</subfield>
  </datafield>
  <datafield tag="952" ind1=" " ind2=" ">
   <subfield code="0">0</subfield>
   <subfield code="1">0</subfield>
   <subfield code="2">ddc</subfield>
   <subfield code="4">0</subfield>
   <subfield code="6">519_576000000000000_G116</subfield>
   <subfield code="7">0</subfield>
   <subfield code="9">5197</subfield>
   <subfield code="a">000001</subfield>
   <subfield code="b">000001</subfield>
   <subfield code="d">2017-12-02</subfield>
   <subfield code="l">1</subfield>
   <subfield code="o">519.576 G116</subfield>
   <subfield code="p">MD.03868</subfield>
   <subfield code="r">2020-06-02</subfield>
   <subfield code="s">2020-05-28</subfield>
   <subfield code="v">29000.00</subfield>
   <subfield code="w">2017-12-02</subfield>
   <subfield code="y">BK</subfield>
  </datafield>
  <datafield tag="952" ind1=" " ind2=" ">
   <subfield code="0">0</subfield>
   <subfield code="1">0</subfield>
   <subfield code="2">ddc</subfield>
   <subfield code="4">0</subfield>
   <subfield code="6">519_576000000000000_G116</subfield>
   <subfield code="7">0</subfield>
   <subfield code="9">5198</subfield>
   <subfield code="a">000001</subfield>
   <subfield code="b">000001</subfield>
   <subfield code="d">2017-12-02</subfield>
   <subfield code="l">2</subfield>
   <subfield code="o">519.576 G116</subfield>
   <subfield code="p">MD.03869</subfield>
   <subfield code="r">2018-11-12</subfield>
   <subfield code="s">2018-10-29</subfield>
   <subfield code="v">29000.00</subfield>
   <subfield code="w">2017-12-02</subfield>
   <subfield code="y">BK</subfield>
  </datafield>
  <datafield tag="952" ind1=" " ind2=" ">
   <subfield code="0">0</subfield>
   <subfield code="1">0</subfield>
   <subfield code="2">ddc</subfield>
   <subfield code="4">0</subfield>
   <subfield code="6">519_576000000000000_G116</subfield>
   <subfield code="7">0</subfield>
   <subfield code="9">5199</subfield>
   <subfield code="a">000001</subfield>
   <subfield code="b">000001</subfield>
   <subfield code="d">2017-12-02</subfield>
   <subfield code="l">2</subfield>
   <subfield code="o">519.576 G116</subfield>
   <subfield code="p">MD.03870</subfield>
   <subfield code="r">2018-11-19</subfield>
   <subfield code="s">2018-11-07</subfield>
   <subfield code="v">29000.00</subfield>
   <subfield code="w">2017-12-02</subfield>
   <subfield code="y">BK</subfield>
  </datafield>
  <datafield tag="952" ind1=" " ind2=" ">
   <subfield code="0">0</subfield>
   <subfield code="1">0</subfield>
   <subfield code="2">ddc</subfield>
   <subfield code="4">0</subfield>
   <subfield code="6">519_576000000000000_G116</subfield>
   <subfield code="7">0</subfield>
   <subfield code="9">5200</subfield>
   <subfield code="a">000001</subfield>
   <subfield code="b">000001</subfield>
   <subfield code="d">2017-12-02</subfield>
   <subfield code="o">519.576 G116</subfield>
   <subfield code="p">MD.03871</subfield>
   <subfield code="r">2017-12-02</subfield>
   <subfield code="v">29000.00</subfield>
   <subfield code="w">2017-12-02</subfield>
   <subfield code="y">BK</subfield>
  </datafield>
  <datafield tag="952" ind1=" " ind2=" ">
   <subfield code="0">0</subfield>
   <subfield code="1">0</subfield>
   <subfield code="2">ddc</subfield>
   <subfield code="4">0</subfield>
   <subfield code="6">519_576000000000000_G116</subfield>
   <subfield code="7">0</subfield>
   <subfield code="9">5201</subfield>
   <subfield code="a">000001</subfield>
   <subfield code="b">000001</subfield>
   <subfield code="d">2017-12-02</subfield>
   <subfield code="l">4</subfield>
   <subfield code="m">1</subfield>
   <subfield code="o">519.576 G116</subfield>
   <subfield code="p">MD.03674</subfield>
   <subfield code="r">2020-12-31</subfield>
   <subfield code="s">2020-12-19</subfield>
   <subfield code="v">29000.00</subfield>
   <subfield code="w">2017-12-02</subfield>
   <subfield code="y">BK</subfield>
  </datafield>
  <datafield tag="980" ind1=" " ind2=" ">
   <subfield code="a">Thư viện Trường Đại học Nam Cần Thơ</subfield>
  </datafield>
 </record>
</collection>
